[Event "Titled Tuesday intern op 16th Apr Early"]
[Site "Chess.com INT"]
[Date "2024.04.16"]
[Round "3"]
[White "Antoniou, Rafail"]
[Black "Adireddy, Arjun"]
[Result "1-0"]
[WhiteElo "2036"]
[BlackElo "2300"]
[PlyCount "79"]
[EventDate "2024.04.16"]
[EventType "swiss (blitz)"]
[EventRounds "11"]
[EventCountry "USA"]
[SourceTitle "CB17_2024"]
[SourceDate "2024.04.24"]
[SourceVersion "1"]
[SourceVersionDate "2024.04.24"]
[SourceQuality "1"]

1. d4 d5 2. c4 c6 3. Nc3 Nf6 4. cxd5 cxd5 5. Bf4 e6 6. e3 Bd6 7. Bxd6 Qxd6 8. Nf3 0-0 9. Ne5 Nc6 10. f4 a6 11. Bd3 b5 12. 0-0 Bb7 13. Rf3 Ne7 14. Rh3 h6 15. g4 Ne4 16. Bxe4 dxe4 17. g5 Nf5 18. gxh6 gxh6 19. Kh1 Kh7 20. Qh5 Qc7 21. Ng4 Rh8 22. Nxh6 Ng7 23. Qxf7 Qxf7 24. Nxf7+ Kg8 25. Nxh8 b4 26. Ne2 Rc8 27. Rc1 Rxc1+ 28. Nxc1 Nf5 29. Ng6 Bd5 30. Ne5 a5 31. Rg3+ Kf8 32. a3 b3 33. Kg1 a4 34. Kf2 Nxg3 35. hxg3 Ke7 36. Ne2 Kf6 37. Nc3 Bb7 38. g4 Ba6 39. Nxa4 Bd3 40. Nc5 1-0

[Event "Titled Tuesday intern op 16th Apr Early"]
[Site "Chess.com INT"]
[Date "2024.04.16"]
[Round "6"]
[White "Antoniou, Rafail"]
[Black "Buscar, Michael"]
[Result "0-1"]
[WhiteElo "2036"]
[BlackElo "2041"]
[PlyCount "182"]
[EventDate "2024.04.16"]
[EventType "swiss (blitz)"]
[EventRounds "11"]
[EventCountry "USA"]
[SourceTitle "CB17_2024"]
[SourceDate "2024.04.24"]
[SourceVersion "1"]
[SourceVersionDate "2024.04.24"]
[SourceQuality "1"]

1. d4 d5 2. c4 e6 3. Nc3 c5 4. e3 Nc6 5. Nf3 Nf6 6. cxd5 exd5 7. Bb5 Bd6 8. dxc5 Bxc5 9. 0-0 0-0 10. b3 Qa5 11. Bxc6 Qxc3 12. Bd2 Qb2 13. Qc1 Ba3 14. Bb5 Bf5 15. Nd4 Bg6 16. Qxb2 Bxb2 17. Rad1 a6 18. Be2 Rfc8 19. Bf3 Bxd4 20. exd4 Rc2 21. Bg5 Ne4 22. Bxe4 Bxe4 23. Rc1 Rac8 24. Rxc2 Rxc2 25. Rc1 f6 26. Rxc2 Bxc2 27. Bd2 Kf7 28. f3 Ke6 29. Kf2 Bb1 30. a3 Bc2 31. b4 Bd3 32. Ke3 Bc4 33. Bc1 Bf1 34. g3 Bc4 35. h4 Bf1 36. Kf4 Bd3 37. Ke3 Bf1 38. h5 Bg2 39. Kf2 Bh3 40. g4 f5 41. g5 g6 42. hxg6 hxg6 43. Bf4 Kd7 44. Be5 Kc6 45. a4 b6 46. Bh2 Kb7 47. Bf4 Kc6 48. Bd2 Kd6 49. b5 axb5 50. axb5 Kd7 51. Bf4 Kc8 52. Be5 Kb7 53. Bf6 Kc8 54. Ke2 f4 55. Be5 Bd7 56. Bxf4 Bxb5+ 57. Kd2 Kd7 58. Be5 Ke6 59. Kc3 Be2 60. f4 b5 61. Kb4 Kf5 62. Kc5 Bc4 63. Bd6 Ke4 64. Kc6 Kxd4 65. f5 gxf5 66. g6 Kc3 67. g7 d4 68. g8Q Bxg8 69. Kxb5 d3 70. Bb4+ Kc2 71. Kc5 d2 72. Bxd2 Kxd2 73. Kd4 Ke2 74. Ke5 Be6 75. Kf4 Bc8 76. Ke5 Kf3 77. Kd5 Ke3 78. Kd6 f4 79. Ke5 f3 80. Kd5 f2 81. Kd6 f1Q 82. Kc5 Qc1+ 83. Kd6 Ba6 84. Ke5 Bd3 85. Kf6 Qc6+ 86. Ke5 Qe4+ 87. Kd6 Kd4 88. Kc7 Kc5 89. Kd7 Qg6 90. Ke7 Kd5 91. Kf8 Qh7 0-1

[Event "Titled Tuesday intern op 16th Apr Early"]
[Site "Chess.com INT"]
[Date "2024.04.16"]
[Round "4"]
[White "Seemann, Jakub"]
[Black "Antoniou, Rafail"]
[Result "1-0"]
[WhiteElo "2465"]
[BlackElo "2036"]
[PlyCount "39"]
[EventDate "2024.04.16"]
[EventType "swiss (blitz)"]
[EventRounds "11"]
[EventCountry "USA"]
[SourceTitle "CB17_2024"]
[SourceDate "2024.04.24"]
[SourceVersion "1"]
[SourceVersionDate "2024.04.24"]
[SourceQuality "1"]

1. b3 d5 2. Bb2 e6 3. Nf3 Nf6 4. e3 Be7 5. c4 0-0 6. Be2 dxc4 7. Bxc4 c5 8. 0-0 a6 9. a4 Nbd7 10. Nc3 b6 11. d4 Bb7 12. Rc1 Ne4 13. Nxe4 Bxe4 14. Nd2 Bc6 15. Be2 Qc7 16. Bf3 Bxf3 17. Qxf3 Rac8 18. Ne4 Kh8 19. dxc5 Nxc5 20. b4 1-0

[Event "Titled Tuesday intern op 02nd Apr Late"]
[Site "Chess.com INT"]
[Date "2024.04.02"]
[Round "3"]
[White "Antoniou, Rafail"]
[Black "Rohwer, Paul"]
[Result "0-1"]
[WhiteElo "2036"]
[BlackElo "2225"]
[PlyCount "65"]
[EventDate "2024.04.02"]
[EventType "swiss (blitz)"]
[EventRounds "11"]
[EventCountry "USA"]
[SourceTitle "CB15_2024"]
[SourceDate "2024.04.10"]
[SourceVersion "1"]
[SourceVersionDate "2024.04.10"]
[SourceQuality "1"]

1. e4 c5 2. c3 e6 3. d4 d5 4. exd5 exd5 5. Nf3 Nc6 6. Bb5 Be7 7. 0-0 Nf6 8. dxc5 0-0 9. b4 a6 10. Bxc6 bxc6 11. Bg5 h6 12. Bxf6 Bxf6 13. Nbd2 Bxc3 14. Rb1 a5 15. a3 axb4 16. axb4 Bf5 17. Rb3 Bf6 18. Re1 Ra1 19. Qe2 Rxe1+ 20. Qxe1 Re8 21. Qc1 g5 22. Nf1 g4 23. Ne1 Bg5 24. Qa1 Qf6 25. Qxf6 Bxf6 26. Ne3 d4 27. N3c2 Bxc2 28. Nxc2 Re2 29. f3 Rxc2 30. fxg4 Rc3 31. Rb2 d3 32. Kf2 Rc2+ 33. Rxc2 0-1

[Event "Titled Tuesday intern op 02nd Apr Early"]
[Site "Chess.com INT"]
[Date "2024.04.02"]
[Round "7"]
[White "Kuznecova, Marija"]
[Black "Antoniou, Rafail"]
[Result "0-1"]
[WhiteElo "2082"]
[BlackElo "2036"]
[PlyCount "62"]
[EventDate "2024.04.02"]
[EventType "swiss (blitz)"]
[EventRounds "11"]
[EventCountry "USA"]
[SourceTitle "CB15_2024"]
[SourceDate "2024.04.10"]
[SourceVersion "1"]
[SourceVersionDate "2024.04.10"]
[SourceQuality "1"]

1. e4 c5 2. Nf3 e6 3. d4 cxd4 4. Nxd4 Nf6 5. Nc3 Nc6 6. Ndb5 Bc5 7. Bf4 0-0 8. Bd6 Qb6 9. Qd2 Bxd6 10. Nxd6 Nd4 11. Nc4 Qc5 12. b4 Qxb4 13. Qxd4 Nxe4 14. Bd3 Qxc3+ 15. Qxc3 Nxc3 16. Kd2 Na4 17. Nd6 Nc5 18. Be2 b6 19. Bf3 Rb8 20. a4 Nb7 21. Nb5 d5 22. Nxa7 Bd7 23. Nb5 Nc5 24. Rhb1 Ra8 25. c4 Rxa4 26. Rxa4 Nxa4 27. cxd5 exd5 28. Bxd5 Rd8 29. Nc7 Bc6 30. Rb4 Bxd5 31. Rxa4 Bc6+ 0-1

[Event "Titled Tuesday intern op 02nd Apr Early"]
[Site "Chess.com INT"]
[Date "2024.04.02"]
[Round "1"]
[White "Marin Masis, Jose Esteban"]
[Black "Antoniou, Rafail"]
[Result "0-1"]
[WhiteElo "1963"]
[BlackElo "2036"]
[PlyCount "34"]
[EventDate "2024.04.02"]
[EventType "swiss (blitz)"]
[EventRounds "11"]
[EventCountry "USA"]
[SourceTitle "CB15_2024"]
[SourceDate "2024.04.10"]
[SourceVersion "1"]
[SourceVersionDate "2024.04.10"]
[SourceQuality "1"]

1. e4 c5 2. Nf3 e6 3. d4 cxd4 4. Nxd4 Nf6 5. Bd3 Nc6 6. Nxc6 bxc6 7. 0-0 d5 8. exd5 cxd5 9. Bg5 h6 10. Bh4 Be7 11. c4 0-0 12. cxd5 Nxd5 13. Bxe7 Qxe7 14. Nd2 Bb7 15. Nf3 Nf4 16. Bc2 Rad8 17. Qe1 Bxf3 0-1

[Event "Titled Tuesday intern op 02nd Apr Early"]
[Site "Chess.com INT"]
[Date "2024.04.02"]
[Round "8"]
[White "Schoenfeld, Gabriel"]
[Black "Antoniou, Rafail"]
[Result "0-1"]
[WhiteElo "1866"]
[BlackElo "2036"]
[PlyCount "62"]
[EventDate "2024.04.02"]
[EventType "swiss (blitz)"]
[EventRounds "11"]
[EventCountry "USA"]
[SourceTitle "CB15_2024"]
[SourceDate "2024.04.10"]
[SourceVersion "1"]
[SourceVersionDate "2024.04.10"]
[SourceQuality "1"]

1. e4 c5 2. Nf3 e6 3. Nc3 Nc6 4. g3 Nf6 5. Bg2 d5 6. exd5 exd5 7. d4 cxd4 8. Nxd4 Bg4 9. Qd3 Be7 10. a3 0-0 11. 0-0 Qd7 12. Re1 Rfe8 13. Be3 Bh3 14. Bh1 Ne5 15. Qb5 Qxb5 16. Ncxb5 Rad8 17. Nxa7 Nc4 18. b3 Nxe3 19. Rxe3 Bc5 20. Nab5 Ng4 21. Rd3 Re2 22. Bf3 Ree8 23. b4 Bb6 24. Rad1 Ne5 25. Re3 Nxf3+ 26. Nxf3 Bxe3 27. fxe3 Rxe3 28. Kf2 Rde8 29. Rd2 Bg4 30. Nbd4 Rxa3 31. Nb5 Rxf3+ 0-1

[Event "Titled Tuesday intern op 12th Mar Late"]
[Site "Chess.com INT"]
[Date "2024.03.12"]
[Round "4"]
[White "Chirilov, James A"]
[Black "Antoniou, Rafail"]
[Result "0-1"]
[WhiteElo "2082"]
[BlackElo "2036"]
[PlyCount "100"]
[EventDate "2024.03.12"]
[EventType "swiss (blitz)"]
[EventRounds "11"]
[EventCountry "USA"]
[SourceTitle "CB12_2024"]
[SourceDate "2023.10.01"]
[SourceVersion "1"]
[SourceVersionDate "2023.10.01"]
[SourceQuality "1"]

1. e4 c5 2. Nc3 Nc6 3. Bb5 Qc7 4. Nf3 e6 5. 0-0 a6 6. Bxc6 Qxc6 7. d4 cxd4 8. Qxd4 Nf6 9. e5 Bc5 10. Qh4 Nd5 11. Ne4 Be7 12. Qg3 g6 13. Bh6 b5 14. Nd6+ Bxd6 15. exd6 f6 16. Rfe1 Bb7 17. Nd4 Qc4 18. c3 0-0-0 19. a4 Bc6 20. axb5 axb5 21. Ra7 Kb8 22. Rea1 Nb6 23. b3 Qc5 24. Be3 Nd5 25. Nxe6 Qxc3 26. Nxd8 Rxd8 27. Bb6 Qxg3 28. Bc7+ Nxc7 29. hxg3 Ne8 30. R7a2 Nxd6 31. Re1 Re8 32. Rd1 Kc7 33. Ra7+ Nb7 34. Ra2 Nc5 35. b4 Ne4 36. Re2 Ra8 37. Re3 Ra4 38. f3 Nxg3 39. Re7 h5 40. Rf7 Rxb4 41. Rxf6 g5 42. Re1 g4 43. fxg4 Rxg4 44. Kh2 Ne4 45. Rh6 Nd6 46. Re2 h4 47. Kh3 Rg3+ 48. Kxh4 Rxg2 49. Rxg2 Bxg2 50. Kg3 Nf5+ 0-1

[Event "Titled Tuesday intern op 27th Feb Late"]
[Site "Chess.com INT"]
[Date "2024.02.27"]
[Round "5"]
[White "Antoniou, Rafail"]
[Black "Bochnicka, Vladimir1"]
[Result "1-0"]
[WhiteElo "2036"]
[BlackElo "2405"]
[PlyCount "85"]
[EventDate "2024.02.27"]
[EventType "swiss (blitz)"]
[EventRounds "11"]
[EventCountry "USA"]
[SourceTitle "CB10_2024"]
[SourceDate "2024.03.06"]
[SourceVersion "1"]
[SourceVersionDate "2024.03.06"]
[SourceQuality "1"]

1. e4 c5 2. c3 Nf6 3. e5 Nd5 4. d4 cxd4 5. Nf3 Nc6 6. cxd4 e6 7. Bc4 Nb6 8. Bb5 d6 9. Nc3 dxe5 10. Nxe5 Bd7 11. Nxd7 Qxd7 12. 0-0 Bd6 13. Qg4 0-0 14. Be3 a6 15. Bxc6 bxc6 16. Ne4 Nd5 17. Nxd6 Qxd6 18. Bh6 g6 19. Bxf8 Rxf8 20. Qe2 Rb8 21. b3 Nf4 22. Qc4 Rb4 23. Qc5 Qxd4 24. Qxc6 Rb5 25. Rac1 Ne2+ 26. Kh1 Nxc1 27. Rxc1 Qxf2 28. Qxa6 Rc5 29. Rf1 Qd2 30. a4 Rc2 31. Qa8+ Kg7 32. Qf3 f5 33. h3 Rc3 34. Qb7+ Kh6 35. Qb8 Qe3 36. Qf8+ Kh5 37. Qe7 h6 38. Rg1 f4 39. b4 Qe4 40. Kh2 Qe5 41. Kh1 Qf5 42. Rd1 f3 43. g4+ 1-0

[Event "Titled Tuesday intern op 27th Feb Late"]
[Site "Chess.com INT"]
[Date "2024.02.27"]
[Round "10"]
[White "Diaz Perez, Michel Alejandro"]
[Black "Antoniou, Rafail"]
[Result "1-0"]
[WhiteElo "2461"]
[BlackElo "2036"]
[PlyCount "169"]
[EventDate "2024.02.27"]
[EventType "swiss (blitz)"]
[EventRounds "11"]
[EventCountry "USA"]
[SourceTitle "CB10_2024"]
[SourceDate "2024.03.06"]
[SourceVersion "1"]
[SourceVersionDate "2024.03.06"]
[SourceQuality "1"]

1. Nf3 d5 2. c4 e6 3. e3 Nf6 4. Nc3 c5 5. cxd5 exd5 6. d4 cxd4 7. Nxd4 Nc6 8. Bb5 Bd7 9. 0-0 Bd6 10. Nf3 Bg4 11. Be2 0-0 12. h3 Be6 13. b3 Re8 14. Bb2 Rc8 15. Rc1 Qe7 16. Nb5 Bc5 17. Nbd4 Ba3 18. Nxc6 bxc6 19. Qc2 Bxb2 20. Qxb2 c5 21. Rfd1 Rc7 22. Qa3 Rec8 23. Ba6 Rb8 24. Rd2 Rb6 25. Bf1 Rbc6 26. Rdc2 Bf5 27. Bb5 Bxc2 28. Bxc6 Rxc6 29. Rxc2 Qc7 30. Qa4 h6 31. Nd4 Rb6 32. Qa5 c4 33. g3 Qb7 34. Qe1 Ne4 35. Qe2 g6 36. h4 h5 37. Qe1 cxb3 38. axb3 Rf6 39. Qc1 Kg7 40. Qa1 Kh7 41. Kg2 Qd7 42. Qd1 Qb7 43. f3 Nd6 44. Qa1 Qe7 45. Qc3 Nf5 46. Nxf5 Rxf5 47. Qd4 Re5 48. Kf2 Rf5 49. Ra2 Qe5 50. Qxe5 Rxe5 51. Rxa7 Kg7 52. Rd7 Kf6 53. b4 Kg7 54. Ke2 Kf6 55. Kd3 Re6 56. Rxd5 Ra6 57. Ra5 Rc6 58. b5 Rc1 59. Ra6+ Kg7 60. b6 Rg1 61. b7 Rb1 62. Ra7 g5 63. hxg5 Kg6 64. f4 Kf5 65. Kd4 Kg4 66. Ke5 Kxg3 67. Kf6 h4 68. Kxf7 h3 69. Ra2 Rxb7+ 70. Kf6 Rb6+ 71. Kf5 Rb5+ 72. Kg6 Rb1 73. f5 Rg1 74. f6 Rg2 75. Ra1 h2 76. f7 Rg1 77. Rxg1+ hxg1Q 78. f8Q Qxe3 79. Qd6+ Kh3 80. Qd7+ Kg3 81. Kh6 Kh4 82. Qd8 Qf4 83. Qf6 Qg4 84. g6+ Kh3 85. g7 1-0

[Event "Titled Tuesday intern op 13th Feb Late"]
[Site "Chess.com INT"]
[Date "2024.02.13"]
[Round "6"]
[White "Alcazar Jimenez, Jesus Alberto"]
[Black "Antoniou, Rafail"]
[Result "0-1"]
[WhiteElo "2147"]
[BlackElo "2036"]
[PlyCount "100"]
[EventDate "2024.02.13"]
[EventType "swiss (blitz)"]
[EventRounds "11"]
[EventCountry "USA"]
[SourceTitle "CB08_2024"]
[SourceDate "2024.02.21"]
[SourceVersion "1"]
[SourceVersionDate "2024.02.21"]
[SourceQuality "1"]

1. c4 e6 2. e4 c6 3. d4 d5 4. exd5 cxd5 5. Nc3 Nf6 6. Nf3 Be7 7. Be2 dxc4 8. Bxc4 0-0 9. 0-0 b6 10. Ne5 Bb7 11. Be3 Nc6 12. Bb5 Nxe5 13. dxe5 Nd5 14. Nxd5 Qxd5 15. Qxd5 Bxd5 16. Ba6 Rab8 17. b3 Bb7 18. Bxb7 Rxb7 19. Rfd1 Rc7 20. Rac1 Rfc8 21. Kf1 Kf8 22. Ke2 Ke8 23. Rxc7 Rxc7 24. Rc1 Rxc1 25. Bxc1 Kd7 26. Kd3 Kc6 27. Ke4 Bc5 28. f4 Kb5 29. g4 Kb4 30. Bb2 a5 31. f5 a4 32. bxa4 Kxa4 33. h4 Be7 34. g5 g6 35. f6 Bb4 36. Bd4 b5 37. Bb2 Be1 38. Kd4 Bf2+ 39. Ke4 Bxh4 40. Kf3 Bxg5 41. Ke4 h5 42. Kd4 h4 43. Kc5 h3 44. Kd6 h2 45. Ke7 h1Q 46. Kxf7 Bf4 47. Kg7 Qb7+ 48. f7 Bh6+ 49. Kxg6 Qe7 50. Bd4 Qg5+ 0-1

[Event "Titled Tuesday intern op 13th Feb Early"]
[Site "Chess.com INT"]
[Date "2024.02.13"]
[Round "10"]
[White "Antoniou, Rafail"]
[Black "Deveci, Huseyin Said"]
[Result "1-0"]
[WhiteElo "2036"]
[BlackElo "2250"]
[PlyCount "79"]
[EventDate "2024.02.13"]
[EventType "swiss (blitz)"]
[EventRounds "11"]
[EventCountry "USA"]
[SourceTitle "CB08_2024"]
[SourceDate "2024.02.21"]
[SourceVersion "1"]
[SourceVersionDate "2024.02.21"]
[SourceQuality "1"]

1. e4 e5 2. Nf3 Nc6 3. c3 Nf6 4. d4 d6 5. Bd3 Be7 6. 0-0 0-0 7. Re1 exd4 8. cxd4 Bg4 9. Be3 d5 10. e5 Ne4 11. Nc3 Nxc3 12. bxc3 f6 13. h3 Bxf3 14. Qxf3 fxe5 15. Qh5 e4 16. Bc2 Na5 17. f3 g6 18. Qh6 Nc4 19. fxe4 Nxe3 20. Qxe3 Bg5 21. Qd3 c6 22. Bb3 Bh4 23. Rf1 Qg5 24. exd5 cxd5 25. Qe4 Rfd8 26. Qe6+ Kh8 27. Rf7 Re8 28. Qd7 Qe3+ 29. Kh1 Re7 30. Rxe7 Qxe7 31. Qxe7 Bxe7 32. Bxd5 Rc8 33. c4 b6 34. Rf1 Re8 35. Bc6 Rd8 36. Rf7 Bd6 37. d5 a5 38. a4 Kg8 39. Rf3 Re8 40. Bxe8 1-0

[Event "Titled Tuesday intern op 13th Feb Early"]
[Site "Chess.com INT"]
[Date "2024.02.13"]
[Round "7"]
[White "Antoniou, Rafail"]
[Black "Ovetchkin, Roman"]
[Result "1-0"]
[WhiteElo "2036"]
[BlackElo "2518"]
[PlyCount "69"]
[EventDate "2024.02.13"]
[EventType "swiss (blitz)"]
[EventRounds "11"]
[EventCountry "USA"]
[SourceTitle "CB08_2024"]
[SourceDate "2024.02.21"]
[SourceVersion "1"]
[SourceVersionDate "2024.02.21"]
[SourceQuality "1"]

1. c4 Nf6 2. Nf3 g6 3. Nc3 Bg7 4. e4 d6 5. d4 0-0 6. Be2 e5 7. Be3 Ng4 8. Bg5 f6 9. Bc1 Nc6 10. h3 Nh6 11. dxe5 dxe5 12. Be3 Nf7 13. 0-0 Be6 14. Nd5 Re8 15. b4 Qc8 16. b5 Ncd8 17. c5 c6 18. Nc3 f5 19. exf5 gxf5 20. Ng5 Nxg5 21. Bxg5 Nf7 22. Bc1 e4 23. Bb2 cxb5 24. Bxb5 Qxc5 25. Bxe8 Rxe8 26. Rc1 Qb4 27. Ba1 Rd8 28. Qh5 Rd3 29. Ne2 Bxa1 30. Rxa1 Qd6 31. Qh4 Qd8 32. Qh5 Qg5 33. Qxg5+ Nxg5 34. Nf4 Ra3 35. h4 1-0

[Event "Titled Tuesday intern op 13th Feb Late"]
[Site "Chess.com INT"]
[Date "2024.02.13"]
[Round "8"]
[White "Antoniou, Rafail"]
[Black "Weisz, Bryan"]
[Result "1-0"]
[WhiteElo "2036"]
[BlackElo "1979"]
[PlyCount "85"]
[EventDate "2024.02.13"]
[EventType "swiss (blitz)"]
[EventRounds "11"]
[EventCountry "USA"]
[SourceTitle "CB08_2024"]
[SourceDate "2024.02.21"]
[SourceVersion "1"]
[SourceVersionDate "2024.02.21"]
[SourceQuality "1"]

1. c4 c5 2. Nf3 g6 3. e4 Bg7 4. d4 cxd4 5. Nxd4 Nc6 6. Be3 Nf6 7. Nc3 0-0 8. Be2 d6 9. h3 Bd7 10. 0-0 Nxd4 11. Bxd4 Bc6 12. Qd3 Nd7 13. Bxg7 Kxg7 14. Qd4+ f6 15. f4 Qb6 16. Qxb6 axb6 17. b4 Ra3 18. Rfc1 f5 19. exf5 gxf5 20. b5 Be4 21. Kf2 Nc5 22. Ke3 e5 23. g3 Rfa8 24. Bd1 Nd3 25. Rc2 Nb4 26. Rcc1 Nd3 27. Rc2 Ne1 28. Rcc1 Ng2+ 29. Kf2 exf4 30. Nxe4 fxe4 31. gxf4 Nxf4 32. Rc2 Nxh3+ 33. Kg2 Nf4+ 34. Kh2 Kf6 35. Rd2 Rg8 36. Bb3 Ke5 37. Re1 Raa8 38. Bc2 Rg4 39. Rxe4+ Kf6 40. Rxd6+ Kg5 41. Re5+ Kh4 42. Rh6+ Nh5 43. Rhxh5# 1-0

[Event "Titled Tuesday intern op 06th Feb Early"]
[Site "Chess.com INT"]
[Date "2024.02.06"]
[Round "8"]
[White "Antoniou, Rafail"]
[Black "Bold, Andre"]
[Result "1/2-1/2"]
[WhiteElo "2036"]
[BlackElo "2203"]
[PlyCount "113"]
[EventDate "2024.02.06"]
[EventType "swiss (blitz)"]
[EventRounds "11"]
[EventCountry "USA"]
[SourceTitle "CB07_2024"]
[SourceDate "2024.02.14"]
[SourceVersion "1"]
[SourceVersionDate "2024.02.14"]
[SourceQuality "1"]

1. d4 Nf6 2. Bg5 b6 3. e3 Bb7 4. Nd2 e6 5. Ngf3 Be7 6. c3 0-0 7. Bd3 d5 8. 0-0 Nbd7 9. Ne5 Rc8 10. f4 Ne4 11. Bxe7 Qxe7 12. Rf3 g6 13. Rh3 Nxd2 14. Qxd2 f5 15. Qf2 Nxe5 16. dxe5 c5 17. Kh1 a5 18. Rg1 Rcd8 19. Rh6 Kg7 20. Rh4 Rd7 21. h3 Bc6 22. Kh2 Rfd8 23. g4 Kh8 24. gxf5 gxf5 25. Rg5 d4 26. exd4 cxd4 27. c4 Be4 28. Qg3 Bxd3 29. Qxd3 Rg8 30. Rgh5 Qg7 31. Rxh7+ Qxh7 32. Rxh7+ Kxh7 33. c5 bxc5 34. Qc4 Re8 35. Qb5 Ree7 36. Qd3 c4 37. Qxc4 d3 38. Qc1 d2 39. Qd1 Kg8 40. a3 Rg7 41. b4 axb4 42. axb4 Rd8 43. b5 Rb7 44. Qb3 Rb6 45. Qd1 Rxb5 46. Qh5 Kf8 47. Qh6+ Ke7 48. Qg7+ Ke8 49. Qg8+ Kd7 50. Qf7+ Kc8 51. Qxe6+ Kc7 52. Qf7+ Rd7 53. Qc4+ Kb6 54. Qe6+ Kc7 55. Qc4+ Kd8 56. Qg8+ Kc7 57. Qc4+ 1/2-1/2

[Event "Titled Tuesday intern op 06th Feb Late"]
[Site "Chess.com INT"]
[Date "2024.02.06"]
[Round "3"]
[White "Murugappan, Ganesh M"]
[Black "Antoniou, Rafail"]
[Result "1-0"]
[WhiteElo "2038"]
[BlackElo "2036"]
[PlyCount "57"]
[EventDate "2024.02.06"]
[EventType "swiss (blitz)"]
[EventRounds "11"]
[EventCountry "USA"]
[SourceTitle "CB07_2024"]
[SourceDate "2024.02.14"]
[SourceVersion "1"]
[SourceVersionDate "2024.02.14"]
[SourceQuality "1"]

1. e4 c5 2. Nf3 e6 3. d4 cxd4 4. Nxd4 Nf6 5. Bd3 Nc6 6. Be3 d5 7. exd5 Nxd5 8. Nxc6 bxc6 9. Bd2 Qb6 10. b3 Qd4 11. c4 Qxa1 12. cxd5 Qe5+ 13. Be3 Bb4+ 14. Nd2 Qxd5 15. Qc2 Bxd2+ 16. Bxd2 Qe5+ 17. Be3 Qa1+ 18. Bc1 Bd7 19. 0-0 Qf6 20. Bb2 Qg5 21. f4 Qa5 22. Bxg7 Rg8 23. Bf6 Qd5 24. Be4 Qb5 25. Rd1 Qb6+ 26. Kh1 Qc7 27. Qc5 Bc8 28. Bxc6+ Bd7 29. Qe7# 1-0